Central Library OPAC University of Rajshahi

Charlemagne and the Carolingian Empire / (Record no. 27154)

MARC details
000 -LEADER
fixed length control field 01010cam a2200301 i 4500
001 - CONTROL NUMBER
control field 27154
003 - CONTROL NUMBER IDENTIFIER
rucl marc code BD-RjUL
005 - DATE AND TIME OF LATEST TRANSACTION
control field 20211209051123.0
008 - FIXED-LENGTH DATA ELEMENTS--GENERAL INFORMATION
fixed length control field 140324s1977 n a 001 0 eng d
020 ## - INTERNATIONAL STANDARD BOOK NUMBER
International Standard Book Number 0720490073
035 ## - SYSTEM CONTROL NUMBER
System control number (BD-RjUL)27225
040 ## - CATALOGING SOURCE
Original cataloging agency DLC
Transcribing agency DLC
Modifying agency BD-RjUL
Language of cataloging eng
041 1# - LANGUAGE CODE
Language code of text/sound track or separate title engfre
082 00 - DEWEY DECIMAL CLASSIFICATION NUMBER
Classification number 944.01
Author mark and year HAC V-3 1977
100 1# - MAIN ENTRY--PERSONAL NAME
Personal name Halphen, Louis,
Dates associated with a name 1880-1950.
9 (RLIN) 83360
245 10 - TITLE STATEMENT
Title Charlemagne and the Carolingian Empire /
Statement of responsibility, etc. by Louis Halphen ; translated by Giselle de Nie.
Number of part/section of a work Volume 3
Name of part/section of a work Europe in the middle ages selected studies
260 ## - PUBLICATION, DISTRIBUTION, ETC. (IMPRINT)
Place of publication, distribution, etc. Amsterdam ;
-- New York :
Name of publisher, distributor, etc. North-Holland Pub. Co.,
Date of publication, distribution, etc. 1977.
300 ## - PHYSICAL DESCRIPTION
Pagination xx, 366 p. :
Illustrations ill. ;
Size 24 cm.
500 ## - GENERAL NOTE
General note Includes index.
600 00 - SUBJECT ADDED ENTRY--PERSONAL NAME
Personal name Charlemagne,
Titles and other words associated with a name Emperor,
Dates associated with a name 742-814.
650 #0 - SUBJECT ADDED ENTRY--TOPICAL TERM
Topical term or geographic name as entry element Carolingians.
9 (RLIN) 62229
651 #0 - SUBJECT ADDED ENTRY--GEOGRAPHIC NAME
Geographic name France
General subdivision History
Chronological subdivision To 987.
9 (RLIN) 76554
700 ## - ADDED ENTRY--PERSONAL NAME
Personal name Giselle de Nie
942 ## - ADDED ENTRY ELEMENTS (KOHA)
Source of classification or shelving scheme Dewey Decimal Classification
Koha item type Books
Holdings
Lost status Source of classification or shelving scheme Materials specified (bound volume or other part) Damaged status Not for loan Collection code Permanent Location Current Location Shelving location Date acquired Source of acquisition Cost, normal purchase price Total Checkouts Full call number Date last seen Copy number Koha item type
  Dewey Decimal Classification V-3   Added to bundle Non-fiction Central Library, University of Rajshahi Central Library, University of Rajshahi Reading Room 25/05/1983 Heffers 24.00   944.01 HAC V-3 1977 24/03/2014 C-1 Books